Guess the Logos - Statistics

General Stats
  • This quiz has been taken 14,231 times
  • The average score is 14 of 16
Answer Stats
Picture Answer % Correct
McDonalds
98%
KFC
96%
Domino's
94%
Netflix
94%
LG
93%
Pizza Hut
93%
Samsung
93%
Snickers
93%
Subway
93%
PayPal
91%
Nintendo
88%
Reddit
83%
Nickelodeon
78%
Rolex
76%
T-Mobile
70%
Kellogg's
63%
No matching quizzes found
Score Distribution
Percent of People with Each Score
Percentile by Number Answered
Your Score History
You have not taken this quiz